[Event "DEM U12 2021"]
[Site "Willingen GER"]
[Date "2021.08.29"]
[Round "9"]
[White "Dordevic, Tom"]
[Black "Klaska, Philipp Leon"]
[Result "1/2-1/2"]
[Termination "normal"]
[Board "2"]
[WhiteElo "1594"]
[BlackElo "1742"]
[WhiteClock "00:00:41"]
[BlackClock "00:01:29"]
[PlyCount "83"]
[WhiteFideId "16260503"]
[BlackFideId "16238044"]
[EventCountry "GER"]
[EventRounds "9"]
[EventType "swiss"]
[EventDate "2021.08.22"]

1. d4 {[%clk 01:30:54]} {[%emt 00:00:05]} Nf6 {[%clk 01:30:45]} {[%emt
00:00:15]} 2. Nf3 {[%clk 01:31:18]} {[%emt 00:00:05]} d5 {[%clk 01:31:05]}
{[%emt 00:00:10]} 3. Bf4 {[%clk 01:31:35]} {[%emt 00:00:14]} g6 {[%clk
01:31:02]} {[%emt 00:00:33]} 4. e3 {[%clk 01:31:26]} {[%emt 00:00:39]} Bg7
{[%clk 01:31:18]} {[%emt 00:00:14]} 5. Nbd2 {[%clk 01:31:13]} {[%emt 00:00:42]}
O-O {[%clk 01:30:54]} {[%emt 00:00:55]} 6. Be2 {[%clk 01:30:40]} {[%emt
00:01:03]} b6 {[%clk 01:30:16]} {[%emt 00:01:08]} 7. Ne5 {[%clk 01:30:13]}
{[%emt 00:00:56]} Bb7 {[%clk 01:29:01]} {[%emt 00:01:46]} 8. h4 {[%clk
01:28:04]} {[%emt 00:02:39]} c5 {[%clk 01:27:12]} {[%emt 00:02:19]} 9. h5
{[%clk 01:23:49]} {[%emt 00:04:45]} Nc6 {[%clk 01:25:17]} {[%emt 00:02:24]} 10.
c3 {[%clk 01:21:37]} {[%emt 00:02:42]} Nxe5 {[%clk 01:15:29]} {[%emt 00:10:18]}
11. Bxe5 {[%clk 01:19:54]} {[%emt 00:02:13]} cxd4 {[%clk 01:10:58]} {[%emt
00:05:01]} 12. exd4 {[%clk 01:19:28]} {[%emt 00:00:56]} Re8 {[%clk 01:03:35]}
{[%emt 00:07:52]} 13. Bb5 {[%clk 01:16:12]} {[%emt 00:03:47]} Rf8 {[%clk
00:51:31]} {[%emt 00:12:34]} 14. hxg6 {[%clk 01:13:09]} {[%emt 00:03:33]} fxg6
{[%clk 00:46:40]} {[%emt 00:05:21]} 15. Qf3 {[%clk 00:57:22]} {[%emt 00:16:16]}
Nd7 {[%clk 00:39:33]} {[%emt 00:07:36]} 16. Qh3 {[%clk 00:47:23]} {[%emt
00:10:31]} Nxe5 {[%clk 00:38:19]} {[%emt 00:01:44]} 17. dxe5 {[%clk 00:47:36]}
{[%emt 00:00:16]} h6 {[%clk 00:36:15]} {[%emt 00:02:35]} 18. Qe6+ {[%clk
00:45:14]} {[%emt 00:02:52]} Kh7 {[%clk 00:34:29]} {[%emt 00:02:15]} 19. Bd3
{[%clk 00:43:47]} {[%emt 00:01:57]} Qe8 {[%clk 00:30:59]} {[%emt 00:03:59]} 20.
Nf3 {[%clk 00:42:55]} {[%emt 00:01:23]} Qc6 {[%clk 00:27:55]} {[%emt 00:03:33]}
21. Ng5+ {[%clk 00:26:34]} {[%emt 00:32:45]} Kh8 {[%clk 00:28:15]} 22. Nf7+
{[%clk 00:26:43]} Rxf7 23. Qxf7 {[%clk 00:27:01]} Rf8 {[%clk 00:22:46]} 24.
Qxg6 Qxg6 {[%clk 00:21:34]} 25. Bxg6 {[%clk 00:27:26]} Bc6 {[%clk 00:20:24]}
26. Bd3 {[%clk 00:25:02]} Rf4 {[%clk 00:14:30]} {[%emt 00:04:33]} 27. Ke2
{[%clk 00:22:20]} {[%emt 00:03:13]} Rg4 {[%clk 00:13:01]} {[%emt 00:01:58]} 28.
Rh2 {[%clk 00:15:50]} {[%emt 00:07:01]} Kg8 {[%clk 00:11:19]} {[%emt 00:02:12]}
29. e6 {[%clk 00:12:08]} {[%emt 00:04:12]} Rf4 {[%clk 00:08:47]} {[%emt
00:03:01]} 30. Re1 {[%clk 00:06:51]} {[%emt 00:05:48]} Kf8 {[%clk 00:07:28]}
{[%emt 00:01:49]} 31. Rh3 {[%clk 00:06:30]} {[%emt 00:00:50]} d4 {[%clk
00:05:45]} {[%emt 00:02:14]} 32. cxd4 {[%clk 00:06:37]} {[%emt 00:00:24]} Bxd4
{[%clk 00:05:20]} {[%emt 00:00:55]} 33. f3 {[%clk 00:06:29]} {[%emt 00:00:37]}
Rf6 {[%clk 00:05:26]} {[%emt 00:00:22]} 34. Bc4 {[%clk 00:05:45]} {[%emt
00:01:17]} Bxb2 {[%clk 00:04:50]} {[%emt 00:01:05]} 35. Rd1 {[%clk 00:04:46]}
{[%emt 00:01:29]} Be5 {[%clk 00:03:57]} {[%emt 00:01:19]} 36. Rh4 {[%clk
00:04:21]} {[%emt 00:00:58]} Bd6 {[%clk 00:03:49]} {[%emt 00:00:37]} 37. Rdh1
{[%clk 00:03:17]} {[%emt 00:01:37]} Kg7 {[%clk 00:03:37]} {[%emt 00:00:40]} 38.
Rg4+ {[%clk 00:02:53]} {[%emt 00:00:57]} Kf8 {[%clk 00:03:13]} {[%emt
00:00:53]} 39. Rgh4 {[%clk 00:02:06]} {[%emt 00:01:17]} Kg7 {[%clk 00:03:08]}
{[%emt 00:00:34]} 40. Rg4+ {[%clk 00:01:10]} {[%emt 00:01:28]} Kf8 {[%clk
00:03:15]} {[%emt 00:00:23]} 41. Rd1 {[%clk 00:00:49]} {[%emt 00:00:50]} b5
{[%clk 00:01:29]} {[%emt 00:02:17]} 42. Bb3 {[%clk 00:00:41]} {[%emt 00:00:38]}
1/2-1/2

[Event "DEM U12 2021"]
[Site "Willingen GER"]
[Date "2021.08.29"]
[Round "9"]
[White "Sommer, Justus"]
[Black "Sauer, Tim"]
[Result "1-0"]
[Termination "normal"]
[Board "3"]
[WhiteElo "1790"]
[BlackElo "1810"]
[WhiteClock "00:23:21"]
[BlackClock "00:27:44"]
[PlyCount "85"]
[WhiteFideId "16245008"]
[BlackFideId "16265726"]
[EventCountry "GER"]
[EventRounds "9"]
[EventType "swiss"]
[EventDate "2021.08.22"]

1. e4 {[%clk 01:30:46]} {[%emt 00:00:12]} c6 {[%clk 01:30:48]} {[%emt
00:00:15]} 2. c4 {[%clk 01:31:02]} {[%emt 00:00:11]} d5 {[%clk 01:31:10]}
{[%emt 00:00:11]} 3. exd5 {[%clk 01:31:25]} {[%emt 00:00:07]} cxd5 {[%clk
01:31:32]} {[%emt 00:00:08]} 4. cxd5 {[%clk 01:31:45]} {[%emt 00:00:10]} Nf6
{[%clk 01:31:51]} {[%emt 00:00:10]} 5. Nc3 {[%clk 01:31:57]} {[%emt 00:00:18]}
g6 {[%clk 01:32:14]} {[%emt 00:00:08]} 6. Bc4 {[%clk 01:32:11]} {[%emt
00:00:16]} Bg7 {[%clk 01:32:34]} {[%emt 00:00:10]} 7. Nf3 {[%clk 01:31:56]}
{[%emt 00:00:44]} O-O {[%clk 01:32:38]} {[%emt 00:00:26]} 8. O-O {[%clk
01:32:06]} {[%emt 00:00:18]} Na6 {[%clk 01:31:14]} {[%emt 00:01:56]} 9. d3
{[%clk 01:30:53]} {[%emt 00:01:43]} Nc7 {[%clk 01:25:47]} {[%emt 00:05:56]} 10.
Qb3 {[%clk 01:30:30]} {[%emt 00:00:52]} b6 {[%clk 01:22:31]} {[%emt 00:03:48]}
11. Ne5 {[%clk 01:26:13]} {[%emt 00:04:47]} Qd6 {[%clk 01:05:13]} {[%emt
00:17:48]} 12. Bf4 {[%clk 01:14:52]} {[%emt 00:11:52]} Nh5 {[%clk 00:50:33]}
{[%emt 00:15:10]} 13. Ne4 {[%clk 01:14:45]} {[%emt 00:00:35]} Qd8 {[%clk
00:50:23]} {[%emt 00:00:41]} 14. Nc6 {[%clk 01:13:13]} {[%emt 00:02:02]} Qd7
{[%clk 00:50:18]} {[%emt 00:00:42]} 15. Bg5 {[%clk 00:54:17]} {[%emt 00:19:26]}
Bf6 {[%clk 00:32:14]} {[%emt 00:18:28]} 16. Bxf6 {[%clk 00:46:51]} {[%emt
00:07:55]} exf6 {[%clk 00:28:09]} {[%emt 00:04:34]} 17. Qc3 {[%clk 00:45:06]}
{[%emt 00:02:15]} Kg7 {[%clk 00:24:13]} {[%emt 00:04:26]} 18. Qd4 {[%clk
00:32:27]} {[%emt 00:13:09]} Bb7 {[%clk 00:23:39]} {[%emt 00:01:04]} 19. Nb4
{[%clk 00:32:18]} {[%emt 00:00:39]} Rfe8 {[%clk 00:15:11]} {[%emt 00:19:23]}
20. a4 {[%clk 00:25:42]} a5 {[%clk 00:07:31]} {[%emt 00:04:51]} 21. Qxb6 {[%clk
00:19:18]} {[%emt 00:06:54]} Reb8 {[%clk 00:06:56]} {[%emt 00:01:05]} 22. Nc6
{[%clk 00:17:48]} {[%emt 00:02:00]} Bxc6 {[%clk 00:03:15]} {[%emt 00:04:11]}
23. Qxc6 {[%clk 00:18:03]} {[%emt 00:00:14]} Qxc6 {[%clk 00:02:36]} {[%emt
00:01:09]} 24. dxc6 {[%clk 00:18:28]} {[%emt 00:00:05]} Rxb2 {[%clk 00:02:52]}
{[%emt 00:00:13]} 25. Rfb1 {[%clk 00:17:56]} {[%emt 00:01:02]} Rab8 {[%clk
00:03:01]} {[%emt 00:00:22]} 26. Nc3 {[%clk 00:18:06]} {[%emt 00:00:20]} Nf4
{[%clk 00:02:04]} {[%emt 00:01:27]} 27. Kf1 {[%clk 00:14:48]} {[%emt 00:03:48]}
Nfe6 {[%clk 00:02:06]} {[%emt 00:00:28]} 28. Bb5 {[%clk 00:09:52]} {[%emt
00:05:27]} Rb4 {[%clk 00:01:01]} {[%emt 00:01:35]} 29. Rc1 {[%clk 00:07:13]}
{[%emt 00:03:09]} Nd4 {[%clk 00:00:50]} {[%emt 00:00:40]} 30. Rab1 {[%clk
00:07:24]} {[%emt 00:00:19]} Kf8 {[%clk 00:00:37]} {[%emt 00:00:43]} 31. Na2
{[%clk 00:03:52]} {[%emt 00:04:03]} Rxb1 {[%clk 00:00:50]} {[%emt 00:00:17]}
32. Rxb1 {[%clk 00:04:15]} {[%emt 00:00:07]} Ke7 {[%clk 00:00:48]} {[%emt
00:00:32]} 33. Nc3 {[%clk 00:03:51]} {[%emt 00:00:54]} f5 {[%clk 00:00:56]}
{[%emt 00:00:22]} 34. Ne2 {[%clk 00:02:45]} {[%emt 00:01:35]} Nc2 {[%clk
00:00:55]} {[%emt 00:00:31]} 35. Rc1 {[%clk 00:03:00]} {[%emt 00:00:15]} Nb4
{[%clk 00:00:44]} {[%emt 00:00:41]} 36. d4 {[%clk 00:02:28]} {[%emt 00:01:02]}
Kd6 {[%clk 00:00:43]} {[%emt 00:00:30]} 37. Rc5 {[%clk 00:02:36]} {[%emt
00:00:23]} Ne6 {[%clk 00:00:49]} {[%emt 00:00:24]} 38. Rc1 {[%clk 00:01:50]}
{[%emt 00:01:16]} Nc7 {[%clk 00:01:05]} {[%emt 00:00:14]} 39. Nc3 {[%clk
00:01:45]} {[%emt 00:00:34]} Nbd5 {[%clk 00:00:57]} {[%emt 00:00:38]} 40. Nxd5
{[%clk 00:01:14]} {[%emt 00:01:02]} Kxd5 {[%clk 00:00:47]} {[%emt 00:00:40]}
41. Ke2 {[%clk 00:27:23]} {[%emt 00:04:21]} Ne6 {[%clk 00:27:55]} {[%emt
00:03:22]} 42. c7 {[%clk 00:23:05]} {[%emt 00:04:49]} Rc8 {[%clk 00:27:44]}
{[%emt 00:00:40]} 43. Bd7 {[%clk 00:23:21]} {[%emt 00:00:13]} 1-0

[Event "DEM U12 2021"]
[Site "Willingen GER"]
[Date "2021.08.29"]
[Round "9"]
[White "Torosyan, Bagrat"]
[Black "Helms, Finn"]
[Result "1-0"]
[Termination "normal"]
[Board "5"]
[WhiteElo "1598"]
[BlackElo "1972"]
[WhiteClock "01:11:50"]
[BlackClock "01:30:30"]
[PlyCount "71"]
[WhiteFideId "16258134"]
[BlackFideId "16249143"]
[EventCountry "GER"]
[EventRounds "9"]
[EventType "swiss"]
[EventDate "2021.08.22"]

1. e4 {[%clk 01:11:50]} c6 {[%clk 01:30:30]} 2. Nc3 {[%clk 01:11:50]} d5 {[%clk
01:30:30]} 3. Nf3 {[%clk 01:11:50]} dxe4 {[%clk 01:30:30]} 4. Nxe4 {[%clk
01:11:50]} Nf6 {[%clk 01:30:30]} 5. Qe2 {[%clk 01:11:50]} Nxe4 {[%clk
01:30:30]} 6. Qxe4 {[%clk 01:11:50]} Nd7 {[%clk 01:30:30]} 7. Bc4 {[%clk
01:11:50]} Nf6 {[%clk 01:30:30]} 8. Ne5 {[%clk 01:11:50]} e6 {[%clk 01:30:30]}
9. Qe2 {[%clk 01:11:50]} b5 {[%clk 01:30:30]} 10. Bb3 {[%clk 01:11:50]} Qc7
{[%clk 01:30:30]} 11. d4 {[%clk 01:11:50]} Bd6 {[%clk 01:30:30]} 12. O-O {[%clk
01:11:50]} O-O {[%clk 01:30:30]} 13. f4 {[%clk 01:11:50]} a5 {[%clk 01:30:30]}
14. a3 {[%clk 01:11:50]} c5 {[%clk 01:30:30]} 15. dxc5 {[%clk 01:11:50]} Bxc5+
{[%clk 01:30:30]} 16. Be3 {[%clk 01:11:50]} Bb7 {[%clk 01:30:30]} 17. c3 {[%clk
01:11:50]} Rad8 {[%clk 01:30:30]} 18. Rad1 {[%clk 01:11:50]} Ne4 {[%clk
01:30:30]} 19. Nd3 {[%clk 01:11:50]} Bb6 {[%clk 01:30:30]} 20. Kh1 {[%clk
01:11:50]} Nd6 {[%clk 01:30:30]} 21. Bxb6 {[%clk 01:11:50]} Qxb6 {[%clk
01:30:30]} 22. Ne5 {[%clk 01:11:50]} Qa7 {[%clk 01:30:30]} 23. Bc2 {[%clk
01:11:50]} Qa8 {[%clk 01:30:30]} 24. Bd3 {[%clk 01:11:50]} Nf5 {[%clk
01:30:30]} 25. Bxf5 {[%clk 01:11:50]} exf5 {[%clk 01:30:30]} 26. Nf3 {[%clk
01:11:50]} b4 {[%clk 01:30:30]} 27. axb4 {[%clk 01:11:50]} axb4 {[%clk
01:30:30]} 28. Ra1 {[%clk 01:11:50]} Qc8 {[%clk 01:30:30]} 29. cxb4 {[%clk
01:11:50]} Rfe8 {[%clk 01:30:30]} 30. Qf2 {[%clk 01:11:50]} Qc4 {[%clk
01:30:30]} 31. Qc5 {[%clk 01:11:50]} Qxf4 {[%clk 01:30:30]} 32. b5 {[%clk
01:11:50]} Re2 {[%clk 01:30:30]} 33. Rad1 {[%clk 01:11:50]} Rde8 {[%clk
01:30:30]} 34. Qc3 {[%clk 01:11:50]} Qg4 {[%clk 01:30:30]} 35. Rg1 {[%clk
01:11:50]} R8e3 {[%clk 01:30:30]} 36. Qxe3 {[%clk 01:11:50]} 1-0

[Event "DEM U12 2021"]
[Site "Willingen GER"]
[Date "2021.08.29"]
[Round "9"]
[White "Neuhoff, Laertes"]
[Black "Fruth, David"]
[Result "1-0"]
[Termination "normal"]
[Board "6"]
[WhiteElo "1847"]
[BlackElo "1749"]
[WhiteClock "00:05:30"]
[BlackClock "00:01:10"]
[PlyCount "63"]
[WhiteFideId "16279719"]
[BlackFideId "16257596"]
[EventCountry "GER"]
[EventRounds "9"]
[EventType "swiss"]
[EventDate "2021.08.22"]

1. d4 {[%clk 01:30:58]} {[%emt 00:00:02]} Nf6 {[%clk 01:30:53]} {[%emt
00:00:06]} 2. c4 {[%clk 01:31:09]} {[%emt 00:00:19]} c5 {[%clk 01:30:10]}
{[%emt 00:01:13]} 3. d5 {[%clk 01:31:11]} {[%emt 00:00:29]} g6 {[%clk
01:29:31]} {[%emt 00:01:09]} 4. Nc3 {[%clk 01:27:32]} {[%emt 00:04:08]} d6
{[%clk 01:29:17]} {[%emt 00:00:44]} 5. Bf4 {[%clk 01:24:51]} {[%emt 00:03:11]}
Bg7 {[%clk 01:29:05]} {[%emt 00:00:41]} 6. Nf3 {[%clk 01:24:14]} {[%emt
00:01:08]} O-O {[%clk 01:28:34]} {[%emt 00:01:01]} 7. e4 {[%clk 01:21:35]}
{[%emt 00:03:08]} Nbd7 {[%clk 01:27:08]} {[%emt 00:01:56]} 8. Be2 {[%clk
01:18:16]} {[%emt 00:03:50]} Ng4 {[%clk 01:25:02]} {[%emt 00:02:52]} 9. O-O
{[%clk 01:15:41]} {[%emt 00:02:48]} Nge5 {[%clk 01:20:07]} {[%emt 00:05:27]}
10. Bg3 {[%clk 01:10:01]} {[%emt 00:06:09]} f5 {[%clk 01:15:13]} {[%emt
00:05:23]} 11. exf5 {[%clk 01:00:18]} {[%emt 00:10:14]} Rxf5 {[%clk 01:14:48]}
{[%emt 00:00:55]} 12. Nxe5 {[%clk 00:57:41]} {[%emt 00:03:06]} Nxe5 {[%clk
01:15:07]} {[%emt 00:00:10]} 13. f4 {[%clk 00:54:53]} {[%emt 00:03:18]} Nd7
{[%clk 01:14:52]} {[%emt 00:00:46]} 14. Bg4 {[%clk 00:50:29]} {[%emt 00:04:55]}
Rf8 {[%clk 01:13:36]} {[%emt 00:01:46]} 15. Qe2 {[%clk 00:46:36]} {[%emt
00:04:23]} Nf6 {[%clk 01:13:14]} {[%emt 00:00:52]} 16. Be6+ {[%clk 00:46:17]}
{[%emt 00:00:48]} Kh8 {[%clk 01:12:06]} {[%emt 00:01:37]} 17. Rae1 {[%clk
00:44:55]} {[%emt 00:01:52]} Nh5 {[%clk 00:55:44]} {[%emt 00:16:54]} 18. Bxc8
{[%clk 00:33:24]} {[%emt 00:12:01]} Qxc8 {[%clk 00:54:08]} {[%emt 00:02:05]}
19. Qxe7 {[%clk 00:32:03]} {[%emt 00:01:51]} Bd4+ {[%clk 00:53:41]} {[%emt
00:00:58]} 20. Kh1 {[%clk 00:26:04]} {[%emt 00:06:28]} Qg4 {[%clk 00:38:41]}
{[%emt 00:15:29]} 21. Qh4 {[%clk 00:20:42]} {[%emt 00:05:53]} Qxh4 {[%clk
00:37:21]} {[%emt 00:01:50]} 22. Bxh4 {[%clk 00:21:09]} {[%emt 00:00:02]} Rxf4
{[%clk 00:37:33]} {[%emt 00:00:19]} 23. Be7 {[%clk 00:13:57]} {[%emt 00:18:36]}
Be5 {[%clk 00:12:44]} {[%emt 00:14:24]} 24. Ne4 {[%clk 00:10:22]} {[%emt
00:04:05]} Re8 {[%clk 00:09:46]} {[%emt 00:03:28]} 25. Bxd6 {[%clk 00:09:35]}
{[%emt 00:01:17]} Rh4 {[%clk 00:08:25]} {[%emt 00:01:50]} 26. g3 {[%clk
00:06:57]} {[%emt 00:03:09]} Bxd6 {[%clk 00:01:36]} {[%emt 00:07:19]} 27. gxh4
{[%clk 00:06:33]} {[%emt 00:00:54]} Bf8 {[%clk 00:00:53]} {[%emt 00:01:13]} 28.
Ng5 {[%clk 00:05:08]} {[%emt 00:01:54]} Rc8 {[%clk 00:00:39]} {[%emt 00:00:45]}
29. d6 {[%clk 00:05:05]} {[%emt 00:00:33]} h6 {[%clk 00:00:51]} {[%emt
00:00:18]} 30. d7 {[%clk 00:05:14]} {[%emt 00:00:22]} Rb8 {[%clk 00:01:09]}
{[%emt 00:00:12]} 31. Re8 {[%clk 00:05:17]} {[%emt 00:00:26]} hxg5 {[%clk
00:01:10]} {[%emt 00:00:29]} 32. Rfxf8+ {[%clk 00:05:30]} {[%emt 00:00:18]} 1-0